চীনা শিল্পের কথা / (Record no. 57753)
[ view plain ]
| 000 -LEADER | |
|---|---|
| fixed length control field | 00809nam a2200217 a 4500 |
| 001 - CONTROL NUMBER | |
| control field | 57753 |
| 003 - CONTROL NUMBER IDENTIFIER | |
| rucl marc code | BD-RjUL |
| 005 - DATE AND TIME OF LATEST TRANSACTION | |
| control field | 20211209080540.0 |
| 008 - FIXED-LENGTH DATA ELEMENTS--GENERAL INFORMATION | |
| fixed length control field | 161211s1954 ii ||||| |||| 00| 0 ben d |
| 035 ## - SYSTEM CONTROL NUMBER | |
| System control number | (BD-RjUL)57877 |
| 040 ## - CATALOGING SOURCE | |
| Original cataloging agency | BD-RjUL |
| Language of cataloging | ben |
| Transcribing agency | BD-RjUL |
| Modifying agency | BD-RjUL |
| 041 ## - LANGUAGE CODE | |
| Language code of text/sound track or separate title | ben |
| 082 ## - DEWEY DECIMAL CLASSIFICATION NUMBER | |
| Edition number | 23 |
| Classification number | 338.0951 |
| Author mark and year | DUC 1954 |
| 100 ## - MAIN ENTRY--PERSONAL NAME | |
| Personal name | দত্ত, প্রভাতকুমার |
| 9 (RLIN) | 143378 |
| 245 10 - TITLE STATEMENT | |
| Title | চীনা শিল্পের কথা / |
| Statement of responsibility, etc. | প্রভাতকুমার দত্ত |
| 260 ## - PUBLICATION, DISTRIBUTION, ETC. (IMPRINT) | |
| Place of publication, distribution, etc. | কলিকাতা : |
| Name of publisher, distributor, etc. | ক্যাল্কাটা বুক ক্লাব, |
| Date of publication, distribution, etc. | ১৯৫৪. |
| 300 ## - PHYSICAL DESCRIPTION | |
| Pagination | [৬], ৬৮ পৃ. ; |
| Size | ১৯ সেমি. |
| 650 ## - SUBJECT ADDED ENTRY--TOPICAL TERM | |
| Topical term or geographic name as entry element | চীনা শিল্প |
| 9 (RLIN) | 143379 |
| Geographic subdivision | চীনা |
| Topical term or geographic name as entry element | Industry |
| Geographic subdivision | China |
| 9 (RLIN) | 171512 |
| 942 ## - ADDED ENTRY ELEMENTS (KOHA) | |
| Source of classification or shelving scheme | Dewey Decimal Classification |
| Koha item type | Books |
| Lost status | Source of classification or shelving scheme | Damaged status | Not for loan | Collection code | Permanent Location | Current Location | Shelving location | Date acquired | Source of acquisition | Total Checkouts | Full call number | Date last seen | Copy number | Koha item type |
|---|---|---|---|---|---|---|---|---|---|---|---|---|---|---|
| Dewey Decimal Classification | Not For Loan | Non-fiction | Central Library, University of Rajshahi | Central Library, University of Rajshahi | Reading Room | 16/06/1990 | Sawkat Osman, | B 338.0951 DUC 1954 | 11/12/2016 | C-1 | Books |